Normal view
MARC view
Entry Topical Term
001 - CONTROL NUMBER
- control field: 3849
003 - CONTROL NUMBER IDENTIFIER
- control field: OSt
005 - DATE AND TIME OF LATEST TRANSACTION
- control field: 20150415130404.0
008 - FIXED-LENGTH DATA ELEMENTS
- fixed length control field: 150415|| aca||aabn | a|a d
040 ## - CATALOGING SOURCE
- Original cataloging agency: OSt
- Transcribing agency: OSt
150 ## - HEADING--TOPICAL TERM
- Topical term or geographic name entry element: Diagnosis, Radioscopic
- Form subdivision: Atlases.
670 ## - SOURCE DATA FOUND
- Source citation: Work cat.: (OSt)1459: Weber, Edward, D.O. 3848, Netter's concise radiologic anatomy /, c2009.
